Albert Einstein and His Inflatable Universe / (Record no. 5403)
[ view plain ]
| 000 -LEADER | |
|---|---|
| fixed length control field | 01159nam a22002897a 4500 |
| 001 - CONTROL NUMBER | |
| control field | 5403 |
| 003 - CONTROL NUMBER IDENTIFIER | |
| control field | FISKH |
| 005 - DATE AND TIME OF LATEST TRANSACTION | |
| control field | 20241203111226.0 |
| 008 - FIXED-LENGTH DATA ELEMENTS--GENERAL INFORMATION | |
| fixed length control field | 241203b cb ||||| |||| 00| 0 eng d |
| 020 ## - INTERNATIONAL STANDARD BOOK NUMBER | |
| International Standard Book Number | 9780439992169 |
| 040 ## - CATALOGING SOURCE | |
| Original cataloging agency | FISKH |
| Language of cataloging | eng |
| Transcribing agency | FISKH |
| Modifying agency | FISKH |
| 082 ## - DEWEY DECIMAL CLASSIFICATION NUMBER | |
| Classification number | 509 |
| 100 ## - MAIN ENTRY--PERSONAL NAME | |
| Personal name | Goldsmith, Mike |
| 245 ## - TITLE STATEMENT | |
| Title | Albert Einstein and His Inflatable Universe / |
| Statement of responsibility, etc. | by Dr. Mike Goldsmith : illustrated by Philip Reeve |
| 260 ## - PUBLICATION, DISTRIBUTION, ETC. | |
| Place of publication, distribution, etc. | New York : |
| Name of publisher, distributor, etc. | Scholastic ; |
| Date of publication, distribution, etc. | 2001. |
| 300 ## - PHYSICAL DESCRIPTION | |
| Extent | 192 pages : |
| Other physical details | illustrations ; |
| Dimensions | 21 cm . |
| 490 ## - SERIES STATEMENT | |
| Series statement | Dead Famous |
| 505 ## - FORMATTED CONTENTS NOTE | |
| Formatted contents note | V <br/> |
| 520 ## - SUMMARY, ETC. | |
| Summary, etc. | Albert Einstein is the genius who invented e=mc2. He is possibly the brainiest scientist in history - and the battiest But did you know that Al's life was almost as wild as his hair? Not only was an unruly young Al expelled from school, but he was spied on by the Nazis and the FBI. And after he died, he had his brain removed. |
| 521 8# - TARGET AUDIENCE NOTE | |
| Target audience note | 850 <br/> |
| Source | Lexile <br/> |
| 521 8# - TARGET AUDIENCE NOTE | |
| Target audience note | V <br/> |
| Source | Raz-Plus <br/> |
| 650 ## - SUBJECT ADDED ENTRY--TOPICAL TERM | |
| Topical term or geographic name entry element | read as a child |
| Form subdivision | Non-fiction |
| 650 ## - SUBJECT ADDED ENTRY--TOPICAL TERM | |
| Topical term or geographic name entry element | Albert Einstein |
| Form subdivision | Non-fiction |
| 700 ## - ADDED ENTRY--PERSONAL NAME | |
| Personal name | Reeve, Philip |
| Relator term | illustrator |
| 942 ## - ADDED ENTRY ELEMENTS (KOHA) | |
| Source of classification or shelving scheme | Dewey Decimal Classification |
| Koha item type | Books |
| Suppress in OPAC | No |
| Withdrawn status | Lost status | Source of classification or shelving scheme | Damaged status | Not for loan | Collection | Home library | Current library | Shelving location | Date acquired | Total Checkouts | Full call number | Barcode | Date last seen | Price effective from | Koha item type |
|---|---|---|---|---|---|---|---|---|---|---|---|---|---|---|---|
| Dewey Decimal Classification | Non-Fiction | Footprints International School Library Network Toul Kork Campus | Footprints International School Library Network Toul Kork Campus | TTP Secondary Non-Fiction Bookshelves | 12/03/2024 | GOL 509 | FISSE02632 | 12/03/2024 | 12/03/2024 | Books |
